000 00454nam a2200157Ia 4500
008 240729s9999 xx 000 0 und d
022 _a2666-3511
245 0 _aSensors International
260 _aChina
260 _bKeAi Communications Co., Ltd.
650 _a Electrical engineering. Electronics. Nuclear engineering
650 _aTechnology
856 _uhttps://doaj.org/toc/18cbec6bc7694a60a2beffc009ac3113
942 _2ddc
942 _cDOAJEJ
999 _c67771
_d67771
945 _a1
_bMadushi Gamage
_c1
_dMadushi Gamage